header

The acquisition of relative clauses (Record no. 120387)

MARC details
000 -LEADER
fixed length control field 01510nam a2200361 a 4500
082 04 - DEWEY DECIMAL CLASSIFICATION NUMBER
Classification number 401/.93
245 04 - TITLE STATEMENT
Title The acquisition of relative clauses
260 ## - PUBLICATION, DISTRIBUTION, ETC. (IMPRINT)
Place of publication Amsterdam ;
-- Philadelphia :
Name of publisher J. Benjamins,
Year of publication 2011.
300 ## - PHYSICAL DESCRIPTION
Number of Pages viii, 244 p.
490 1# - SERIES STATEMENT
Series statement Trends in language acquisition research ;
650 #0 - SUBJECT ADDED ENTRY--TOPICAL TERM
Topical Term Language acquisition
Topical Term Grammar, Comparative and general
Topical Term Language awareness in children.
Topical Term Communicative competence in children.
700 1# - ADDED ENTRY--PERSONAL NAME
Personal name Kidd, Evan James.
856 40 - ELECTRONIC LOCATION AND ACCESS
Uniform Resource Identifier http://site.ebrary.com/lib/rucke/Doc?id=10511250

No items available.

© 2026 Rongo University
Contact us: librarian | system librarian | Rongo university